La carrière de Pepe Reina - Statistiques

Statistiques générales
  • Ce quiz a été pris 18 fois
    2 depuis la dernière actualisation
  • Le résultat moyen est 7 sur 11
Statistiques - réponses
Année Match Club % Correct
2018 - 2020 13 AC Milan
100%
2014 - 2015 3 Bayern Munich
100%
2024 - 2025 13 Côme 1907
100%
2005 - 2014 394 Liverpool FC
100%
2015 - 2018 139 SSC Naples
100%
-> 2020 12 Aston Villa
50%
2000 - 2002 49 FC Barcelone
50%
-> 2013 - 2014 43 SSC Naples
50%
2022 - 2024 44 Villareal CF
50%
2020 - 2022 54 Lazio Rome
0%
2002 - 2005 147 Villareal CF
0%
Aucun quiz correspondant
Distribution des résultats
% des personnes avec chaque résultat
Percentile par nombre de réponses
Votre historique - résultats
Vous n’avez pas pris ce quiz depuis la dernière actualisation